Lana Del Rey - NFR! (all songs) - Statistics

General Stats
  • This quiz has been taken 156 times
  • The average score is 11 of 14
Answer Stats
NFR! % Correct
Norman fucking Rockwell
99%
Mariners Apartment Complex
88%
Cinnamon Girl
86%
Happiness is a butterfly
86%
Venice Bitch
86%
Doin' Time
82%
California
81%
Bartender
77%
Love song
76%
The greatest
75%
How to disappear
74%
The Next Best American Record
70%
Fuck it I love you
69%
hope is a dangerous thing for a woman like me to have - but I have it
63%
No matching quizzes found
Score Distribution
Percent of People with Each Score
Percentile by Number Answered
Your Score History
You have not taken this quiz